Estadísticas para Ciudades más Grandes que Fueron Parte del Imperio Romano

Haz click aquí para intentar la prueba.

Estadísticas generales

  • Esta prueba ha sido intentada 1.896 veces
  • La puntuación promedio es 12 de 19

Estadísticas de respuestas

PoblaciónCiudad% Correcto
3.55 MRoma
99%
11.2 MParís
93%
6.40 MMadrid
90%
4.70 MBarcelona
87%
14.3 MLondres
83%
3.60 MAtenas
82%
16.7 MEl Cairo
81%
5.15 MMilán
81%
14.2 MEstambul
79%
4.23 MNápoles
73%
4.63 MAnkara
59%
3.65 MArgel
57%
5.10 MAlejandria
54%
3.65 MDamasco
45%
4.15 MCasablanca
38%
6.75 MBagdad
36%
3.30 MAmán
23%
4.83 MColonia / Düsseldorf
17%
4.08 MKuwait
10%

Distribución de puntuación

Porcentaje por número respondido

Porcentaje de gente con cada puntuación

Historial de tus puntuaciones

No has intentado esta prueba.